<?xml version="1.0" encoding="UTF-8"?>
<collection xmlns="http://www.loc.gov/MARC21/slim">
 <record>
  <leader>00760nam a2200193 a 4500</leader>
  <controlfield tag="001">22042</controlfield>
  <controlfield tag="008">090702s1989    enk           000 0 eng d</controlfield>
  <datafield tag="010" ind1=" " ind2=" ">
   <subfield code="a">   88045961 </subfield>
  </datafield>
  <datafield tag="040" ind1=" " ind2=" ">
   <subfield code="a">DLC</subfield>
   <subfield code="c">DLC</subfield>
   <subfield code="d">DLC</subfield>
  </datafield>
  <datafield tag="082" ind1="0" ind2="4">
   <subfield code="a">808.83</subfield>
   <subfield code="2">20</subfield>
  </datafield>
  <datafield tag="100" ind1="1" ind2=" ">
   <subfield code="a">Huxley, Aldous.</subfield>
  </datafield>
  <datafield tag="245" ind1="1" ind2="0">
   <subfield code="a">Island /</subfield>
   <subfield code="c">Aldous Huxley.</subfield>
  </datafield>
  <datafield tag="260" ind1=" " ind2=" ">
   <subfield code="a">Middlesex, England :</subfield>
   <subfield code="b">Penguin Books,</subfield>
   <subfield code="c">1989.</subfield>
  </datafield>
  <datafield tag="300" ind1=" " ind2=" ">
   <subfield code="a">295 p. :</subfield>
   <subfield code="c">17cm.</subfield>
  </datafield>
  <datafield tag="541" ind1="1" ind2=" ">
   <subfield code="e">00004530</subfield>
  </datafield>
  <datafield tag="650" ind1=" " ind2="0">
   <subfield code="a">English Fiction </subfield>
   <subfield code="v">Short stories</subfield>
  </datafield>
  <datafield tag="852" ind1="4" ind2=" ">
   <subfield code="a">Ayesha Abed Library</subfield>
   <subfield code="j">General shelf </subfield>
  </datafield>
  <datafield tag="999" ind1=" " ind2=" ">
   <subfield code="c">2004</subfield>
   <subfield code="d">2004</subfield>
  </datafield>
  <datafield tag="952" ind1=" " ind2=" ">
   <subfield code="0">0</subfield>
   <subfield code="1">0</subfield>
   <subfield code="2">ddc</subfield>
   <subfield code="4">1</subfield>
   <subfield code="6">808_830000000000000_HUX_1962</subfield>
   <subfield code="7">0</subfield>
   <subfield code="9">1841</subfield>
   <subfield code="a">BRACUL</subfield>
   <subfield code="b">BRACUL</subfield>
   <subfield code="c">GEN</subfield>
   <subfield code="d">2009-07-05</subfield>
   <subfield code="g">0.00</subfield>
   <subfield code="l">2</subfield>
   <subfield code="m">2</subfield>
   <subfield code="o">808.83 HUX</subfield>
   <subfield code="p">3010004530</subfield>
   <subfield code="r">2018-12-23</subfield>
   <subfield code="s">2018-12-12</subfield>
   <subfield code="t">1</subfield>
   <subfield code="w">2009-07-05</subfield>
   <subfield code="y">BK</subfield>
   <subfield code="x">No price found in the accession register ; Permanently damaged not repairable </subfield>
  </datafield>
 </record>
</collection>
